Adivina el cantante de rock nacional por la foto - Estadísticas

Estadísticas generales
  • Esta prueba ha sido intentada 98 veces
  • La puntuación promedio es 6 de 12
Estadísticas de respuestas
Imagen Respuesta % Correcto
Gustavo Cerati
90%
Andrés Calamaro
87%
Carlos Alberto Solari
83%
Andrés Ciro Martínez
77%
Santiago Charpentier
76%
Cristian Álvarez
71%
Luis Alberto Spinetta
68%
Carlos Alberto Mestre
34%
Fabiana Cantilo
27%
Giuliano Canterini
19%
Roberto Pandolfo
11%
Juan Saieg
1%
No se encontraron pruebas coincidentes
Distribución de puntuación
Porcentaje de gente con cada puntuación
Porcentaje por número respondido
Historial de tus puntuaciones
No has intentado esta prueba.